Christian Holidays Quiz - Statistics

General Stats
  • This quiz has been taken 42 times
  • The average score is 6 of 8
Answer Stats
Hint Answer % Correct
Celebration of Jesus's Resurrection Easter
100%
Jesus's Birth Christmas
95%
This Holiday is held the Sunday before the previous answer;Remembers Jesus's entrance into Jerusalem Palm Sunday
78%
Commemorates the crucifixion of Jesus Christ Good Friday
73%
Celebration of this missionary who brought Christianity to Ireland St. Patrick's Day
73%
Four-week season in the Church calendar, before the previous holiday, ______ Calendar's Advent
68%
Commemorates the descent of the Holy Spirit upon the Apostles of Jesus Pentecost
51%
When the Magi visited Jesus after his Birth Epiphany
43%
No matching quizzes found
Score Distribution
Percent of People with Each Score
Percentile by Number Answered
Your Score History
You have not taken this quiz